[Event "FRA-chT Top 12"]
[Site "Belfort"]
[Date "2012.06.06"]
[Round "7.2"]
[White "Gyimesi, Zoltan"]
[Black "Bauer, Christian"]
[Result "1/2-1/2"]
[WhiteElo "2651"]
[BlackElo "2672"]
[PlyCount "26"]
[EventDate "2012.05.31"]
[EventType "team-tourn"]
[EventRounds "11"]
[EventCountry "FRA"]
[SourceTitle "CBM 148 Extra"]
[Source "ChessBase"]
[SourceDate "2012.06.22"]
[SourceVersion "1"]
[SourceVersionDate "2012.06.22"]
[SourceQuality "1"]
[WhiteTeam "Bischwiller"]
[BlackTeam "Vandoeuvre"]
[WhiteTeamCountry "FRA"]
[BlackTeamCountry "FRA"]

1. d4 a6 2. Nf3 e6 3. e3 Nf6 4. c4 d5 5. Nc3 c5 6. cxd5 exd5 7. Be2 Nc6 8. 0-0 Bd6 9. dxc5 Bxc5 10. b3 0-0 11. Bb2 Ba7 12. Rc1 Re8 13. Na4 Ne4 1/2-1/2

[Event "FRA-chT Top 12"]
[Site "Belfort"]
[Date "2012.06.04"]
[Round "5.3"]
[White "Giri, Anish"]
[Black "Gyimesi, Zoltan"]
[Result "1/2-1/2"]
[WhiteElo "2693"]
[BlackElo "2651"]
[PlyCount "113"]
[EventDate "2012.05.31"]
[EventType "team-tourn"]
[EventRounds "11"]
[EventCountry "FRA"]
[SourceTitle "CBM 148 Extra"]
[Source "ChessBase"]
[SourceDate "2012.06.22"]
[SourceVersion "1"]
[SourceVersionDate "2012.06.22"]
[SourceQuality "1"]
[WhiteTeam "Chalons en Champagne"]
[BlackTeam "Bischwiller"]
[WhiteTeamCountry "FRA"]
[BlackTeamCountry "FRA"]

1. Nf3 d5 2. g3 Nf6 3. Bg2 c6 4. c4 g6 5. b3 Bg7 6. Bb2 0-0 7. 0-0 Bg4 8. d4 Bxf3 9. Bxf3 Ne4 10. Bg2 Nd7 11. Nc3 Nxc3 12. Bxc3 Nb6 13. cxd5 cxd5 14. Qd3 Qd7 15. Rfc1 e6 16. e3 Nc8 17. Ba5 Nd6 18. h4 Rfc8 19. h5 Rxc1+ 20. Rxc1 Rc8 21. Qd1 Rc6 22. Bf1 Qc8 23. Rxc6 Qxc6 24. Bd3 Ne4 25. Kg2 Bf8 26. Be1 Ba3 27. g4 Nf6 28. f3 Qc1 29. Qxc1 Bxc1 30. Bh4 Ne8 31. hxg6 hxg6 32. Kf2 Ba3 33. Ke2 Bb4 34. e4 Kf8 35. Ke3 Be7 36. Be1 Nf6 37. e5 Nd7 38. f4 Ba3 39. f5 gxf5 40. gxf5 Bc1+ 41. Ke2 Bb2 42. Ke3 Nb8 43. Bb4+ Ke8 44. Bb5+ Nc6 45. Bc5 a6 46. Be2 exf5 47. Bf3 Ne7 48. Bh5 Ng6 49. e6 Bc1+ 50. Kf3 Bg5 51. a4 Bd8 52. b4 b6 53. Bd6 Bf6 54. Ke3 Bg5+ 55. Kf3 Bf6 56. Ke3 Bg5+ 57. Kf3 1/2-1/2

[Event "FRA-chT Top 12"]
[Site "Belfort"]
[Date "2012.06.01"]
[Round "2.1"]
[White "Gyimesi, Zoltan"]
[Black "Le Roux, Jean Pierre"]
[Result "1-0"]
[WhiteElo "2651"]
[BlackElo "2551"]
[PlyCount "81"]
[EventDate "2012.05.31"]
[EventType "team-tourn"]
[EventRounds "11"]
[EventCountry "FRA"]
[SourceTitle "CBM 148 Extra"]
[Source "ChessBase"]
[SourceDate "2012.06.22"]
[SourceVersion "1"]
[SourceVersionDate "2012.06.22"]
[SourceQuality "1"]
[WhiteTeam "Bischwiller"]
[BlackTeam "Guingamp"]
[WhiteTeamCountry "FRA"]
[BlackTeamCountry "FRA"]

1. d4 Nf6 2. c4 g6 3. Nc3 d5 4. cxd5 Nxd5 5. e4 Nxc3 6. bxc3 Bg7 7. Nf3 0-0 8. Be3 c5 9. Be2 Nd7 10. 0-0 Nf6 11. Qd3 Qc7 12. h3 Rd8 13. d5 e6 14. c4 b5 15. Qc2 exd5 16. cxd5 Qe7 17. Bg5 h6 18. Bxf6 Bxf6 19. Bxb5 Bxa1 20. Rxa1 Rb8 21. Bc4 Ba6 22. Bxa6 Qf6 23. Rd1 Qxa6 24. Ne5 Rbc8 25. Nc4 Rb8 26. a3 Qb5 27. e5 Qb3 28. Qe2 Re8 29. Kh2 Rbd8 30. f4 Qc3 31. Qe4 Qb3 32. Rd3 f5 33. Rxb3 fxe4 34. Ne3 Rb8 35. Rc3 Rb5 36. a4 Rb4 37. Rxc5 Rf8 38. e6 Rd4 39. Rc4 Rxc4 40. Nxc4 Kg7 41. e7 1-0

[Event "AUT-chT 1112"]
[Site "Austria"]
[Date "2012.04.20"]
[Round "9.2"]
[White "Gyimesi, Zoltan"]
[Black "Rozentalis, Eduardas"]
[Result "1/2-1/2"]
[WhiteElo "2652"]
[BlackElo "2592"]
[PlyCount "60"]
[EventDate "2012.01.20"]
[EventType "team-tourn"]
[EventRounds "11"]
[EventCountry "AUT"]
[SourceTitle "EXT 2013"]
[Source "ChessBase"]
[SourceDate "2012.11.22"]
[SourceVersion "1"]
[SourceVersionDate "2012.11.22"]
[SourceQuality "1"]
[WhiteTeam "Jenbach"]
[BlackTeam "Hohenems"]
[WhiteTeamCountry "AUT"]
[BlackTeamCountry "AUT"]

1. d4 Nf6 2. c4 e6 3. g3 d5 4. Bg2 Be7 5. Nf3 0-0 6. 0-0 dxc4 7. Qc2 a6 8. Qxc4 b5 9. Qc2 Bb7 10. Bd2 Be4 11. Qc1 Qc8 12. Bg5 c5 13. Nbd2 Bb7 14. dxc5 Qxc5 15. Qxc5 Bxc5 16. Bxf6 gxf6 17. Nb3 Bb6 18. Rfd1 Ra7 19. Rac1 Bxf3 20. Bxf3 Nd7 21. e3 Rb8 22. Kg2 Kf8 23. Nd4 Ne5 24. Nc6 Nxc6 25. Rxc6 Ke7 26. Rdd6 Rd8 27. Rxd8 Bxd8 28. b3 f5 29. a4 bxa4 30. bxa4 Kf6 1/2-1/2

[Event "AUT-chT 1112"]
[Site "Austria"]
[Date "2012.03.03"]
[Round "6.2"]
[White "Blatny, Pavel"]
[Black "Gyimesi, Zoltan"]
[Result "1/2-1/2"]
[WhiteElo "2396"]
[BlackElo "2652"]
[PlyCount "323"]
[EventDate "2012.01.20"]
[EventType "team-tourn"]
[EventRounds "11"]
[EventCountry "AUT"]
[SourceTitle "EXT 2013"]
[Source "ChessBase"]
[SourceDate "2012.11.22"]
[SourceVersion "1"]
[SourceVersionDate "2012.11.22"]
[SourceQuality "1"]
[WhiteTeam "Zwettl"]
[BlackTeam "Jenbach"]
[WhiteTeamCountry "AUT"]
[BlackTeamCountry "AUT"]

1. d4 Nf6 2. Nf3 d5 3. Bf4 c5 4. c3 Qb6 5. Qb3 Nc6 6. Nbd2 Qxb3 7. Nxb3 c4 8. Nbd2 b5 9. Ne5 Bb7 10. a4 a6 11. axb5 axb5 12. Rxa8+ Bxa8 13. g3 Nxe5 14. Bxe5 e6 15. Bg2 Be7 16. 0-0 Kd7 17. Ra1 Bb7 18. h3 Ra8 19. Rxa8 Bxa8 20. g4 Bc6 21. Bf4 Ne8 22. Nf3 f6 23. g5 Nd6 24. gxf6 gxf6 25. Ne1 b4 26. cxb4 Nf5 27. Nf3 Bxb4 28. Bc1 Ba4 29. e3 Bc2 30. Nd2 Bd3 31. Bf3 Kd6 32. Bd1 e5 33. Nf3 Be4 34. dxe5+ fxe5 35. Ng5 Bd3 36. Nxh7 d4 37. Ng5 c3 38. exd4 exd4 39. bxc3 dxc3 40. Nf3 c2 41. Bxc2 Bxc2 42. Bd2 Ba3 43. h4 Kd5 44. Bg5 Ng7 45. Nd2 Bd3 46. Nf1 Ke4 47. Kg2 Ne6 48. Ng3+ Ke5 49. Be3 Bc2 50. h5 Bf8 51. h6 Nf4+ 52. Kh2 Bg6 53. Bd2 Bd6 54. Bc3+ Ke6 55. Bd4 Nd5 56. Kh3 Bf4 57. Bg7 Nf6 58. Kh4 Nd5 59. Kg4 Bd2 60. Ne2 Kf7 61. Nd4 Nf6+ 62. Kg3 Nh5+ 63. Kg4 Nxg7 64. hxg7 Kxg7 65. Nf3 Ba5 66. Ne5 Bc2 67. Nc4 Bc7 68. Ne3 Bb3 69. f4 Kf6 70. Kf3 Bg8 71. Ng4+ Kg6 72. Ne3 Bb3 73. Ke4 Bd6 74. Kf3 Ba4 75. Nc4 Bc7 76. Ne3 Bc6+ 77. Kg3 Be4 78. Nc4 Kh5 79. Ne3 Ba5 80. Ng2 Bb4 81. Kh3 Ba5 82. Kg3 Bc6 83. Kh3 Kg6 84. Kg3 Kf5 85. Ne3+ Ke4 86. Ng2 Bd7 87. Kf2 Bb4 88. Kg3 Kd3 89. Kf2 Bc5+ 90. Kf3 Bc6+ 91. Kg3 Be8 92. Kg4 Bd7+ 93. Kf3 Kd2 94. Nh4 Bd6 95. Ng2 Bc6+ 96. Kf2 Be4 97. Kg3 Ke2 98. Nh4 Kf1 99. Nf3 Bb4 100. Nh4 Be1+ 101. Kg4 Kf2 102. Kg5 Kg3 103. Nf5+ Kh3 104. Nd6 Bh4+ 105. Kh5 Bd3 106. Nf7 Bf6 107. Nh6 Kg3 108. f5 Kf4 109. Kg6 Bc3 110. Kh5 Bb5 111. Kg6 Be8+ 112. Nf7 Bh8 113. Kh7 Bf6 114. Kg6 Be7 115. Kg7 Kxf5 116. Nh6+ Ke6 117. Ng8 Bb4 118. Nh6 Bc3+ 119. Kf8 Ba4 120. Ng8 Bd2 121. Kg7 Bc2 122. Kf8 Bb3 123. Kg7 Bc3+ 124. Kf8 Kf5 125. Ne7+ Kf6 126. Ng8+ Kg6 127. Ne7+ Kh7 128. Ke8 Kg7 129. Kd7 Kf6 130. Nc6 Be1 131. Kd6 Bd1 132. Kc7 Ke6 133. Nd8+ Kd5 134. Nb7 Bf2 135. Na5 Ke6 136. Nb7 Bf3 137. Nd8+ Ke7 138. Nb7 Bg3+ 139. Kb6 Kd7 140. Nc5+ Kc8 141. Kb5 Kc7 142. Kc4 Kc6 143. Nd3 Bd1 144. Nb2 Be2+ 145. Kb3 Kb5 146. Kc2 Bh5 147. Kb3 Be5 148. Kc2 Bf6 149. Kb3 Bg6 150. Nd1 Bf7+ 151. Kc2 Kb4 152. Ne3 Bg5 153. Kd3 Bg6+ 154. Ke2 Be4 155. Kf2 Bh4+ 156. Ke2 Kc3 157. Ng4 Kd4 158. Nh2 Bd3+ 159. Kf3 Bd8 160. Ng4 Bc7 161. Ne3 Bg6 162. Ng2 1/2-1/2

[Event "AUT-chT 1112"]
[Site "Austria"]
[Date "2012.01.22"]
[Round "3.3"]
[White "Gyimesi, Zoltan"]
[Black "Pinter, Jozsef"]
[Result "1/2-1/2"]
[WhiteElo "2652"]
[BlackElo "2546"]
[PlyCount "89"]
[EventDate "2012.01.20"]
[EventType "team-tourn"]
[EventRounds "11"]
[EventCountry "AUT"]
[SourceTitle "CBM 146 Extra"]
[Source "ChessBase"]
[SourceDate "2012.02.29"]
[SourceVersion "1"]
[SourceVersionDate "2012.02.29"]
[SourceQuality "1"]
[WhiteTeam "Jenbach"]
[BlackTeam "Fuerstenfeld"]
[WhiteTeamCountry "AUT"]
[BlackTeamCountry "AUT"]

1. d4 Nf6 2. c4 e6 3. Nf3 d5 4. Nc3 c5 5. cxd5 Nxd5 6. e4 Nxc3 7. bxc3 cxd4 8. cxd4 Bb4+ 9. Bd2 Bxd2+ 10. Qxd2 0-0 11. Bc4 Nc6 12. 0-0 Na5 13. Bd3 b6 14. Rad1 Bb7 15. Rfe1 Qe7 16. Qf4 Rac8 17. d5 Nc4 18. Rc1 b5 19. a4 a6 20. axb5 axb5 21. Bxc4 Rxc4 22. Rxc4 bxc4 23. dxe6 fxe6 24. Qe5 Rc8 25. Rc1 Qf6 26. Rc3 Qxe5 27. Nxe5 Rc5 28. f4 Bxe4 29. Rxc4 Rxc4 30. Nxc4 h6 31. Kf2 Kh7 32. g3 Bd5 33. Ne5 g5 34. Ke3 Kg7 35. fxg5 hxg5 36. h4 gxh4 37. gxh4 Kf6 38. Kf4 Ba2 39. h5 Bb1 40. Nd7+ Ke7 41. Nc5 Kf6 42. Ne4+ Bxe4 43. Kxe4 Kg5 44. Ke5 Kxh5 45. Kxe6 1/2-1/2

[Event "AUT-chT 1112"]
[Site "Austria"]
[Date "2012.01.21"]
[Round "2.3"]
[White "Diermair, Andreas"]
[Black "Gyimesi, Zoltan"]
[Result "0-1"]
[WhiteElo "2429"]
[BlackElo "2652"]
[PlyCount "64"]
[EventDate "2012.01.20"]
[EventType "team-tourn"]
[EventRounds "11"]
[EventCountry "AUT"]
[SourceTitle "CBM 146 Extra"]
[Source "ChessBase"]
[SourceDate "2012.02.29"]
[SourceVersion "1"]
[SourceVersionDate "2012.02.29"]
[SourceQuality "1"]
[WhiteTeam "Raika Feffernitz"]
[BlackTeam "Jenbach"]
[WhiteTeamCountry "AUT"]
[BlackTeamCountry "AUT"]

1. Nf3 d5 2. d4 Nf6 3. c4 e6 4. Nc3 c5 5. cxd5 Nxd5 6. g3 Nc6 7. Bg2 cxd4 8. Nxd4 Nxc3 9. bxc3 Nxd4 10. Qxd4 Qxd4 11. cxd4 Bd6 12. e4 e5 13. dxe5 Bxe5 14. Rb1 Be6 15. f4 Bd4 16. e5 Bxa2 17. Bxb7 0-0 18. Bxa8 Bxb1 19. Bf3 Ba2 20. Kf1 Rc8 21. Kg2 Rc2+ 22. Kh3 g6 23. Rd1 Bb6 24. f5 Rf2 25. Rd3 Bb1 26. Rc3 Bxf5+ 27. g4 Be6 28. Bh6 Rb2 29. Bd5 Bd4 30. Rd3 Bxe5 31. Bd2 Bc8 32. Re3 h5 0-1

[Event "HUN-chT 1112"]
[Site "Hungary"]
[Date "2011.11.27"]
[Round "4"]
[White "Gyimesi, Zoltan"]
[Black "Szabo, Zsolt Jozsef"]
[Result "1-0"]
[WhiteElo "2646"]
[BlackElo "2432"]
[PlyCount "133"]
[EventDate "2011.09.25"]
[EventType "team-tourn"]
[EventRounds "11"]
[EventCountry "HUN"]
[SourceTitle "EXT 2013"]
[Source "ChessBase"]
[SourceDate "2012.11.22"]
[SourceVersion "1"]
[SourceVersionDate "2012.11.22"]
[SourceQuality "1"]
[WhiteTeam "Csuti"]
[BlackTeam "Vasas"]
[WhiteTeamCountry "HUN"]
[BlackTeamCountry "HUN"]

1. d4 Nf6 2. c4 e6 3. Nf3 Bb4+ 4. Bd2 Qe7 5. g3 Nc6 6. Nc3 Bxc3 7. Bxc3 Ne4 8. Rc1 d6 9. Bg2 0-0 10. d5 Nb8 11. Nd2 Nxc3 12. Rxc3 e5 13. 0-0 Nd7 14. b4 a5 15. a3 axb4 16. axb4 f5 17. Qb3 b6 18. Qb2 Nf6 19. Ra1 Rxa1+ 20. Qxa1 e4 21. Ra3 b5 22. cxb5 Qf7 23. Qd4 Qxd5 24. Qxd5+ Nxd5 25. f3 Nxb4 26. fxe4 Nc2 27. Ra4 Bd7 28. Rc4 Ne3 29. Rxc7 Bxb5 30. Bf3 h6 31. Kf2 fxe4 32. Nxe4 Nf5 33. Ke1 Ba6 34. Ra7 Bc8 35. g4 Ne3 36. h3 d5 37. Nc3 d4 38. Nb5 d3 39. Be4 dxe2 40. Kxe2 Nxg4 41. hxg4 Bxg4+ 42. Ke3 Bf5 43. Bd5+ Kh8 44. Nd4 Bg4 45. Nc6 Bf5 46. Ne5 Kh7 47. Re7 Rd8 48. Bf7 Ra8 49. Kf4 Bb1 50. Nd7 Kh8 51. Bd5 Rd8 52. Ke5 Bg6 53. Kd4 Bf5 54. Ne5 Kh7 55. Nf7 Rb8 56. Rc7 Rf8 57. Nd6 Bg6 58. Nc8 Kh8 59. Ne7 Bh7 60. Ke5 g5 61. Be6 h5 62. Nd5 Bg6 63. Nf6 Rb8 64. Nd7 Re8 65. Kf6 g4 66. Kxg6 Rxe6+ 67. Nf6 1-0

[Event "Bundesliga 1112"]
[Site "Germany"]
[Date "2011.10.16"]
[Round "3.4"]
[White "Gyimesi, Zoltan"]
[Black "Goloshchapov, Alexander"]
[Result "1/2-1/2"]
[WhiteElo "2646"]
[BlackElo "2580"]
[PlyCount "41"]
[EventDate "2011.10.14"]
[EventType "team-tourn"]
[EventRounds "15"]
[EventCountry "GER"]
[SourceTitle "CBM 145"]
[Source "ChessBase"]
[SourceDate "2011.11.11"]
[SourceVersion "1"]
[SourceVersionDate "2011.11.11"]
[SourceQuality "1"]
[WhiteTeam "Eppingen"]
[BlackTeam "Remagen"]
[WhiteTeamCountry "GER"]
[BlackTeamCountry "GER"]

1. d4 d5 2. c4 e6 3. Nf3 Nf6 4. Nc3 Be7 5. Bf4 0-0 6. e3 Nbd7 7. a3 c5 8. cxd5 Nxd5 9. Nxd5 exd5 10. dxc5 Nxc5 11. Be5 Bg4 12. Be2 Bxf3 13. Bxf3 Bf6 14. Bxf6 Qxf6 15. 0-0 Qxb2 16. Qxd5 Rac8 17. Rfd1 Qf6 18. Rac1 b6 19. Qc4 g6 20. h4 h5 21. Rd5 1/2-1/2

[Event "ESP-chT CECLUB Permanencia-1 Div 1"]
[Site "Sabadell"]
[Date "2011.09.04"]
[Round "2.1"]
[White "Peralta, Fernando"]
[Black "Gyimesi, Zoltan"]
[Result "1/2-1/2"]
[WhiteElo "2601"]
[BlackElo "2646"]
[PlyCount "48"]
[EventDate "2011.09.03"]
[EventType "team-match"]
[EventRounds "2"]
[EventCountry "ESP"]
[SourceTitle "CBM 144 Extra"]
[Source "ChessBase"]
[SourceDate "2011.10.28"]
[SourceVersion "1"]
[SourceVersionDate "2011.10.28"]
[SourceQuality "1"]
[WhiteTeam "Cerdanyola Valles"]
[BlackTeam "Merida"]
[WhiteTeamCountry "ESP"]
[BlackTeamCountry "ESP"]

1. d4 Nf6 2. c4 e6 3. Nc3 Bb4 4. e3 0-0 5. Bd3 d5 6. Nf3 c5 7. 0-0 cxd4 8. exd4 dxc4 9. Bxc4 b6 10. Re1 Bb7 11. Bd3 Nbd7 12. a3 Bxc3 13. bxc3 Qc7 14. c4 Rfe8 15. Ne5 Nxe5 16. Rxe5 Qc6 17. Rg5 Ne4 18. Rg4 Nf6 19. Rg3 Ne4 20. Rg4 Nf6 21. Rg3 Ne4 22. Rg4 Nf6 23. Rg3 Ne4 24. Bh6 g6 1/2-1/2

[Event "ESP-chT CECLUB GpA"]
[Site "Sabadell"]
[Date "2011.09.02"]
[Round "5"]
[White "Iturrizaga Bonelli, Eduardo"]
[Black "Gyimesi, Zoltan"]
[Result "0-1"]
[WhiteElo "2603"]
[BlackElo "2646"]
[PlyCount "90"]
[EventDate "2011.08.29"]
[EventType "team-tourn"]
[EventRounds "5"]
[EventCountry "ESP"]
[SourceTitle "CBM 144 Extra"]
[Source "ChessBase"]
[SourceDate "2011.10.28"]
[SourceVersion "1"]
[SourceVersionDate "2011.10.28"]
[SourceQuality "1"]
[WhiteTeam "Equigoma Social Catolica"]
[BlackTeam "Merida"]
[WhiteTeamCountry "ESP"]
[BlackTeamCountry "ESP"]

1. d4 Nf6 2. Nf3 d5 3. c4 e6 4. Nc3 c5 5. e3 cxd4 6. exd4 Bb4 7. cxd5 Nxd5 8. Bd2 Nc6 9. Bd3 0-0 10. 0-0 Be7 11. a3 Bf6 12. Be3 Nce7 13. Ne4 b6 14. Rc1 Bb7 15. Bb1 Ng6 16. Qd3 Qe7 17. g3 Rfd8 18. h4 Nf8 19. Bd2 Rac8 20. Rxc8 Rxc8 21. Ne5 Qc7 22. f4 h6 23. h5 Be7 24. f5 Nf6 25. Nxf6+ Bxf6 26. fxe6 fxe6 27. Bb4 Qd8 28. Bxf8 Kxf8 29. Ba2 Qd6 30. Kh2 Qc7 31. Bb3 Bd5 32. Bxd5 exd5 33. Rf2 Kg8 34. Ng4 Qf7 35. Qf5 Rf8 36. Rf4 Bg5 37. Qxf7+ Rxf7 38. Rxf7 Kxf7 39. b3 Bc1 40. a4 Ke6 41. Nf2 Be3 42. Kg2 Kf5 43. Nd1 Bxd4 44. Kf3 a5 45. g4+ Ke5 0-1

[Event "AUT-chT 1011"]
[Site "Austria"]
[Date "2011.03.04"]
[Round "9.2"]
[White "Gyimesi, Zoltan"]
[Black "Tuncer, Ufuk"]
[Result "1-0"]
[WhiteElo "2601"]
[BlackElo "2289"]
[PlyCount "67"]
[EventDate "2010.11.19"]
[EventType "team-tourn"]
[EventRounds "11"]
[EventCountry "AUT"]
[SourceTitle "EXT 2012"]
[Source "ChessBase"]
[SourceDate "2011.11.24"]
[SourceVersion "1"]
[SourceVersionDate "2011.11.24"]
[SourceQuality "1"]
[WhiteTeam "Jenbach"]
[BlackTeam "Poechlarn"]
[WhiteTeamCountry "AUT"]
[BlackTeamCountry "AUT"]

1. d4 Nf6 2. c4 g6 3. Nc3 Bg7 4. e4 d6 5. h3 0-0 6. Bg5 c5 7. d5 e6 8. Bd3 exd5 9. cxd5 Re8 10. Nf3 c4 11. Bc2 b5 12. a3 Nbd7 13. 0-0 a6 14. Qd2 Qb6 15. Rfe1 Bb7 16. Rad1 Rab8 17. Nd4 Nc5 18. Bh6 Bh8 19. Nf5 Bc8 20. Nxd6 Qxd6 21. e5 Qb6 22. exf6 Bb7 23. d6 Qc6 24. f3 Bxf6 25. Qf4 Nd7 26. Kh1 Qc5 27. Be4 Qf2 28. Re2 Qb6 29. Rde1 Bxe4 30. Nxe4 Bd4 31. Ng5 Rf8 32. Bxf8 Rxf8 33. Re8 Nf6 34. d7 1-0

[Event "Bundesliga 1011"]
[Site "Germany"]
[Date "2011.02.04"]
[Round "7.4"]
[White "Gyimesi, Zoltan"]
[Black "Naiditsch, Arkadij"]
[Result "1/2-1/2"]
[WhiteElo "2595"]
[BlackElo "2674"]
[PlyCount "44"]
[EventDate "2010.10.09"]
[EventType "team-tourn"]
[EventRounds "15"]
[EventCountry "GER"]
[SourceTitle "EXT 2012"]
[Source "ChessBase"]
[SourceDate "2011.11.24"]
[SourceVersion "1"]
[SourceVersionDate "2011.11.24"]
[SourceQuality "1"]
[WhiteTeam "Eppingen"]
[BlackTeam "Baden-Baden"]
[WhiteTeamCountry "GER"]
[BlackTeamCountry "GER"]

1. d4 Nf6 2. c4 e6 3. Nf3 d5 4. Nc3 Be7 5. Bf4 0-0 6. a3 b6 7. cxd5 Nxd5 8. Nxd5 exd5 9. Qc2 c5 10. dxc5 bxc5 11. e4 Bb7 12. exd5 Qxd5 13. Bc4 Qh5 14. Qb3 Bxf3 15. Qxf3 Qxf3 16. gxf3 Nc6 17. 0-0 Bf6 18. Rab1 Rad8 19. Rfc1 Nd4 20. Kg2 Nf5 21. Rc2 g5 22. Bg3 Nxg3 1/2-1/2

[Event "AUT-chT 1011"]
[Site "Austria"]
[Date "2011.01.22"]
[Round "6.2"]
[White "Buhmann, Rainer"]
[Black "Gyimesi, Zoltan"]
[Result "0-1"]
[WhiteElo "2577"]
[BlackElo "2601"]
[PlyCount "98"]
[EventDate "2010.11.19"]
[EventType "team-tourn"]
[EventRounds "11"]
[EventCountry "AUT"]
[SourceTitle "EXT 2012"]
[Source "ChessBase"]
[SourceDate "2011.11.24"]
[SourceVersion "1"]
[SourceVersionDate "2011.11.24"]
[SourceQuality "1"]
[WhiteTeam "Maria Saal"]
[BlackTeam "Jenbach"]
[WhiteTeamCountry "AUT"]
[BlackTeamCountry "AUT"]

1. Nf3 d5 2. d4 Nf6 3. c4 dxc4 4. e3 e6 5. Bxc4 c5 6. 0-0 a6 7. dxc5 Bxc5 8. Qxd8+ Kxd8 9. Be2 Ke7 10. Nbd2 Bd7 11. Rd1 Rd8 12. Nc4 Nc6 13. Ne1 b5 14. Nd3 Ba7 15. Nce5 Ne4 16. Bf3 Nxe5 17. Nxe5 Be8 18. Bd2 f5 19. Bb4+ Kf6 20. Ng4+ Kf7 21. Ne5+ Kf6 22. Ng4+ Kf7 23. h4 Rac8 24. Ne5+ Kf6 25. Ng4+ Kf7 26. Rxd8 Rxd8 27. Rc1 Bb8 28. Ba5 Rd7 29. Bxe4 fxe4 30. h5 h6 31. f3 exf3 32. gxf3 Ke7 33. Bc3 Kd8 34. Ba5+ Bc7 35. Ne5 Bxa5 36. Nc6+ Kc8 37. Nxa5+ Rc7 38. Rd1 Bxh5 39. Rd6 Bxf3 40. Rxe6 Rc2 41. b4 h5 42. Nb3 Rg2+ 43. Kf1 Rxa2 44. Nd4 Bg2+ 45. Kg1 h4 46. e4 g5 47. Re7 h3 48. Kh2 g4 49. Kg3 Ra3+ 0-1

[Event "Bundesliga 1011"]
[Site "Germany"]
[Date "2010.12.11"]
[Round "5.3"]
[White "Gyimesi, Zoltan"]
[Black "Polzin, Rainer"]
[Result "1-0"]
[WhiteElo "2595"]
[BlackElo "2494"]
[PlyCount "93"]
[EventDate "2010.10.09"]
[EventType "team-tourn"]
[EventRounds "15"]
[EventCountry "GER"]
[SourceTitle "EXT 2012"]
[Source "ChessBase"]
[SourceDate "2011.11.24"]
[SourceVersion "1"]
[SourceVersionDate "2011.11.24"]
[SourceQuality "1"]
[WhiteTeam "Eppingen"]
[BlackTeam "Berlin SF"]
[WhiteTeamCountry "GER"]
[BlackTeamCountry "GER"]

1. d4 Nf6 2. c4 g6 3. Nc3 Bg7 4. e4 d6 5. Nf3 0-0 6. Be2 e5 7. 0-0 Nc6 8. d5 Ne7 9. Ne1 Nd7 10. Nd3 f5 11. Bd2 Nf6 12. f3 f4 13. c5 g5 14. Rc1 Ng6 15. Nb5 Rf7 16. Ba5 b6 17. cxb6 cxb6 18. Be1 a6 19. Nc3 a5 20. Nb5 Bf8 21. Bf2 Rb8 22. Rc4 h5 23. Qc2 Ba6 24. a4 g4 25. Rc1 g3 26. Be1 Nd7 27. b4 gxh2+ 28. Kh1 Rg7 29. Bf1 Be7 30. Rc6 Bxb5 31. axb5 axb4 32. Rc8 Rxc8 33. Qxc8 Nc5 34. Qxd8+ Bxd8 35. Ra1 b3 36. Ra8 Nb7 37. Kxh2 Kh7 38. Bf2 Rc7 39. Bxb6 Rc1 40. Ra7 Rxf1 41. Bxd8 Rd1 42. Rxb7+ Kg8 43. Nb2 Rd2 44. Nc4 Rc2 45. Rc7 Nh4 46. Bxh4 b2 47. Nxb2 1-0

[Event "AUT-chT 1011"]
[Site "Austria"]
[Date "2010.11.21"]
[Round "3.3"]
[White "Kilgus, Georg"]
[Black "Gyimesi, Zoltan"]
[Result "1/2-1/2"]
[WhiteElo "2375"]
[BlackElo "2601"]
[PlyCount "89"]
[EventDate "2010.11.19"]
[EventType "team-tourn"]
[EventRounds "11"]
[EventCountry "AUT"]
[SourceTitle "EXT 2011"]
[Source "ChessBase"]
[SourceDate "2010.11.26"]
[SourceVersion "1"]
[SourceVersionDate "2010.11.26"]
[SourceQuality "1"]
[WhiteTeam "Fuerstenfeld"]
[BlackTeam "Jenbach"]
[WhiteTeamCountry "AUT"]
[BlackTeamCountry "AUT"]

1. Nf3 d5 2. g3 Nf6 3. Bg2 c6 4. c4 dxc4 5. 0-0 Nbd7 6. Na3 Nb6 7. Qc2 Qd5 8. Ne1 Qf5 9. e4 Qh5 10. Nxc4 Nxc4 11. Qxc4 e5 12. d4 exd4 13. Qxd4 Bc5 14. Qc3 0-0 15. Nd3 Bb6 16. e5 Nd5 17. Bxd5 cxd5 18. Nf4 Qf5 19. Be3 Be6 20. Bxb6 axb6 21. Qd4 b5 22. a3 Rac8 23. Rac1 Qe4 24. Qxe4 dxe4 25. Rfe1 Rxc1 26. Rxc1 Rd8 27. Rc5 b6 28. Rc1 Bc4 29. Re1 Rd2 30. b4 Ra2 31. Rxe4 Rxa3 32. Rd4 Kf8 33. Nd5 Rb3 34. Nxb6 Rxb4 35. Nxc4 Rxc4 36. Rd7 Re4 37. f4 g5 38. fxg5 Rxe5 39. h4 Re7 40. Rd8+ Re8 41. Rd3 b4 42. Kf2 Rb8 43. Rb3 Ke7 44. Ke3 Ke6 45. Ke4 1/2-1/2

[Event "EU-Cup 26th"]
[Site "Plovdiv"]
[Date "2010.10.23"]
[Round "7.3"]
[White "Gyimesi, Zoltan"]
[Black "Kogan, Artur"]
[Result "1/2-1/2"]
[WhiteElo "2595"]
[BlackElo "2526"]
[PlyCount "20"]
[EventDate "2010.10.17"]
[EventType "team-swiss"]
[EventRounds "7"]
[EventCountry "BUL"]
[SourceTitle "CBM 139"]
[Source "ChessBase"]
[SourceDate "2010.11.18"]
[SourceVersion "1"]
[SourceVersionDate "2010.11.18"]
[SourceQuality "1"]
[WhiteTeam "Bihac"]
[BlackTeam "Naiden Voinov"]
[WhiteTeamCountry "BIH"]
[BlackTeamCountry "BUL"]

1. d4 e6 2. c4 d5 3. Nf3 c6 4. Bg5 Be7 5. Bxe7 Qxe7 6. Nbd2 Nf6 7. g3 b6 8. Bg2 Bb7 9. 0-0 0-0 10. Qc2 Na6 1/2-1/2

[Event "EU-Cup 26th"]
[Site "Plovdiv"]
[Date "2010.10.20"]
[Round "4.3"]
[White "Sargissian, Gabriel"]
[Black "Gyimesi, Zoltan"]
[Result "1/2-1/2"]
[WhiteElo "2677"]
[BlackElo "2595"]
[PlyCount "89"]
[EventDate "2010.10.17"]
[EventType "team-swiss"]
[EventRounds "7"]
[EventCountry "BUL"]
[SourceTitle "CBM 139"]
[Source "ChessBase"]
[SourceDate "2010.11.18"]
[SourceVersion "1"]
[SourceVersionDate "2010.11.18"]
[SourceQuality "1"]
[WhiteTeam "Yerevan Mika"]
[BlackTeam "Bihac"]
[WhiteTeamCountry "ARM"]
[BlackTeamCountry "BIH"]

1. d4 Nf6 2. c4 e6 3. Nc3 Bb4 4. e3 0-0 5. Bd3 d5 6. Nf3 c5 7. 0-0 dxc4 8. Bxc4 Nbd7 9. a3 cxd4 10. axb4 dxc3 11. bxc3 Qc7 12. Be2 Nd5 13. Ba3 N7b6 14. Rc1 Nc4 15. Bxc4 Qxc4 16. Nd2 Qd3 17. Nb3 Qc4 18. Na5 Qc7 19. c4 Ne7 20. Qf3 Rb8 21. b5 Re8 22. Bb4 b6 23. Nc6 Bb7 24. Bxe7 Bxc6 25. bxc6 Rxe7 26. Rfd1 h6 27. c5 b5 28. Rd6 b4 29. Rcd1 b3 30. Rd7 Rxd7 31. Rxd7 Qe5 32. c7 Rf8 33. h3 b2 34. Qb7 Kh7 35. Qb3 Rc8 36. Rxf7 Rxc7 37. Rxc7 Qxc7 38. Qxb2 Qxc5 39. Qa2 e5 40. Qa6 Kg8 41. Qe6+ Kf8 42. Qf5+ Ke7 43. Qg6 Kf8 44. Qf5+ Ke7 45. Qg6 1/2-1/2